El arte de la guerra

Gespeichert in:
Bibliographische Detailangaben
1. Verfasser: Tzu, Sun (VerfasserIn)
Format: Buch
Sprache:Spanisch
Veröffentlicht: Buenos Aires Del Nuevo Extremo 2011
Schlagworte:
Tags: Tag hinzufügen
Keine Tags, Fügen Sie den ersten Tag hinzu!

MARC

LEADER 00000cam a2200000 a 4500
001 UCF6979
003 CL-VaPUC
008 130530e20111200AG |||||||||||||||||spa|d
020 |a 9789876093019 
082 0 4 |a 350  |b TZU  |2 21 
100 0 |a Tzu, Sun  |e author  |9 460263 
245 1 3 |a El arte de la guerra 
300 |a 88 p 
942 |c BK 
945 |d 20130530 00:00:00  |a dcastane 
260 |a Buenos Aires  |b Del Nuevo Extremo  |c 2011 
650 7 |a ESTRATEGIA  |2 CL-VaPUC  |9 332132 
650 0 |a Guerra  |9 255876 
650 0 |a Psicología aplicada   |9 270762 
650 0 |a Ciencia militar  |9 452699 
583 |a last modification  |c 20130530 09:49:00  |k Rodrigo Vera 
999 |c 351949  |d 351947 
952 |0 0  |1 0  |4 0  |6 350_000000000000000_TZU_2011  |7 0  |8 A  |9 456384  |a BIBING  |b BIBING  |d 2019-11-22  |i 4971876  |l 5  |m 3  |o 350 TZU 2011  |p 4971876  |r 2025-01-20  |s 2024-04-10  |w 2019-11-22  |y BK  |k CUI